000 00671cam a2200241ua 4500
020 _a0 07 017897 6
041 _aeng
_h
082 _a515.35
_bDUC/TH
100 _aDachateau, Paul .
245 _aTheory and problems of partial differential equations /
_cPaul Dachateau.
_hTextual Documents
250 _a1 /
_b.
260 _aNew York :
_bMcGraw Hill Book Company ,
_c1986.
300 _a241 ; .
440 0 _aSchaum`s outline series,
_v
_x;
490 0 _aSchaum`s outline series,
_v
_x;
504 _a
700 1 _aZachmann, David W .
942 _cBK
999 _c9038
_d9038